| 000 | 01724nam a2200397 c 4500 | ||
|---|---|---|---|
| 003 | BLK | ||
| 005 | 20180420222722.0 | ||
| 008 | 180408b bul|||||r ||||||| ||bul|| | ||
| 010 | _aKNG00061843000 | ||
| 040 | _aBLK | ||
| 041 |
_aBUL _cBUL |
||
| 080 |
_aПериод на феодализма в българските земи (VII век -I пол. на XVIII век) _b94(497.2)"06/17" _x _z94(497.2)"06/17" |
||
| 080 |
_aБългарска литература _b821.163.2 _x.09 _z821.163.2.09 |
||
| 100 | 1 |
_aЧавръков, Георги Иванов _eпърви автор _9271990 |
|
| 139 |
_aЧавръков, Георги Иванов _bЧ 12 |
||
| 245 | 1 | 0 |
_aСредища на българската книжовност IX - XVIII век _bИзследване _cГеорги Иванов Чавръков. |
| 257 | _aBGR | ||
| 260 |
_аСофия _bНар. просв. _c1987 |
||
| 300 |
_a280 с. _c21 см |
||
| 380 | _a9 | ||
| 500 | _aАвт. не е отбелязан на кор. - 2 913 тир. | ||
| 650 | 4 |
_aКнижовни средища - България _9246592 |
|
| 650 | 4 |
_aКултура - България - история _9251094 |
|
| 650 | 4 |
_aБългария - история, средни векове и османско владичество _9246778 |
|
| 650 | 4 |
_aМанастири - България - книжовна дейност _9245879 |
|
| 650 | 4 |
_aПросветители, български _9244645 |
|
| 653 | _aкнижовност | ||
| 653 | _aкултура | ||
| 653 | _aпросветители | ||
| 653 | _aръкописи | ||
| 852 | _aЦб 148032 | ||
| 856 | 4 |
_qpdf _u |
|
| 856 | 4 |
_qpdf _u |
|
| 942 |
_cKNG _n0 |
||
| 944 |
_aCR _c13.06.2004 _kЧиталня |
||
| 944 |
_aED _c02.10.2015 _kКети_Илиева |
||
| 999 |
_c57831 _d57831 |
||